000 00423nam a2200121Ia 4500
008 220620s9999||||xx |||||||||||||| ||und||
100 _aMahmood-ur-Rahman Ansari
245 0 _aProtein-Protein Interaction Assays
546 _aEnglish[eng]
650 _aLife Sciences||Immunology and Microbiology||Structural Biology||Proteomics
856 _uhttps://www.intechopen.com/books/protein-protein-interaction-assays
942 _cEB
999 _c34496
_d34496